Normal view
MARC view
Entry Topical Term
001 - CONTROL NUMBER
- control field: 14183
003 - CONTROL NUMBER IDENTIFIER
- control field: ARRUPE
005 - DATE AND TIME OF LATEST TRANSACTION
- control field: 20150116180641.0
008 - FIXED-LENGTH DATA ELEMENTS
- fixed length control field: 150116|| aca||aabn | a|a d
040 ## - CATALOGING SOURCE
- Original cataloging agency: ARRUPE
- Transcribing agency: ARRUPE
150 ## - HEADING--TOPICAL TERM
- Topical term or geographic name as entry element: Physicists
- Form subdivision: Biography
- Geographic subdivision: United states
670 ## - SOURCE DATA FOUND
- Source citation: Work cat.: (ARRUPE): Feynman, Richard Phillips 14180, "Surely you're joking, Mr Feynman!" :, 1989